[Event "Eurasian Blitz Chess Cup"]
[Site "Almaty KAZ"]
[Date "2016.06.18"]
[Round "1.1"]
[White "Nepomniachtchi, Ian"]
[Black "Utegaliyev, Azamat"]
[Result "1-0"]
[WhiteTitle "GM"]
[WhiteElo "2719"]
[BlackElo "2494"]
[WhiteFideId "4168119"]
[BlackFideId "13702467"]
[EventDate "2016.06.18"]

1. e4 d5 2. exd5 Qxd5 3. Nc3 Qd6 4. d4 c6 5. g3 Nf6 6. Bf4 Qb4 7. Rb1 Bg4 8. Be2
Bxe2 9. Nxe2 e6 10. O-O Nbd7 11. a3 Qa5 12. b4 Qh5 13. Kg2 Nd5 14. Nxd5 Qxd5+
15. Kg1 Qc4 16. Rb3 Be7 17. Rc3 Qb5 18. Re3 O-O 19. Nc3 Qc4 20. d5 e5 21. dxc6
Qxc6 22. Nd5 Bd6 23. Bxe5 Nxe5 24. Rxe5 Rac8 25. Re2 Rfd8 26. Rd2 Bf8 27. Re1
Rd6 28. Re3 Rcd8 29. Red3 h6 30. h4 b6 31. Rd4 a5 32. c4 axb4 33. axb4 Qe8 34.
Kg2 Qc6 35. Qf3 Qe8 36. c5 bxc5 37. bxc5 R6d7 38. Nf6+ 1-0

[Event "Eurasian Blitz Chess Cup"]
[Site "Almaty KAZ"]
[Date "2016.06.18"]
[Round "1.2"]
[White "Vahidov, Tair"]
[Black "Le, Quang Liem"]
[Result "1/2-1/2"]
[WhiteTitle "GM"]
[BlackTitle "GM"]
[WhiteElo "2435"]
[BlackElo "2718"]
[WhiteFideId "14200155"]
[BlackFideId "12401137"]
[EventDate "2016.06.18"]

1. c4 e6 2. Nc3 d5 3. d4 Be7 4. Nf3 Nf6 5. Bg5 h6 6. Bh4 O-O 7. e3 b6 8. Be2 Bb7
9. Bxf6 Bxf6 10. cxd5 exd5 11. b4 c6 12. O-O Nd7 13. Qb3 a6 14. a4 b5 15. axb5
axb5 16. e4 dxe4 17. Nxe4 Qe7 18. Nxf6+ Qxf6 19. Rfe1 Rfe8 20. Rxa8 Bxa8 21. Kf1
Bb7 22. Bd1 Rxe1+ 23. Kxe1 Bc8 24. Qe3 Kf8 25. Ne5 Qd6 26. Qc3 Nxe5 27. dxe5 Qe7
28. f4 Bd7 29. Bf3 Qh4+ 30. g3 Qxh2 31. Qc5+ Kg8 32. Qf2 Qh3 33. Kd2 g6 34. Kc3
h5 35. Kd4 Qe6 36. Qc2 Qe7 37. Qc5 Qe6 38. Qd6 Qc4+ 39. Ke3 Qc3+ 40. Kf2 Bg4 41.
Bxg4 hxg4 42. Qd8+ Kg7 43. Qf6+ Kf8 44. Qd8+ Kg7 45. Qf6+ Kg8 46. Qd8+ Kg7 47.
Qf6+ 1/2-1/2

[Event "Eurasian Blitz Chess Cup"]
[Site "Almaty KAZ"]
[Date "2016.06.18"]
[Round "1.4"]
[White "Kostenko, Petr"]
[Black "Mamedov, Rauf"]
[Result "0-1"]
[WhiteTitle "GM"]
[BlackTitle "GM"]
[WhiteElo "2476"]
[BlackElo "2655"]
[WhiteFideId "13700669"]
[BlackFideId "13401653"]
[EventDate "2016.06.18"]

1. e4 d6 2. d4 g6 3. Nc3 Bg7 4. f4 Nf6 5. Nf3 O-O 6. Bd3 Nc6 7. O-O Bg4 8. e5
dxe5 9. dxe5 Nd5 10. h3 Nxc3 11. bxc3 Bf5 12. Qe2 Qd5 13. Bxf5 gxf5 14. Rd1 Qc5+
15. Qe3 Qc4 16. Qd3 Qxd3 17. cxd3 Rfd8 18. Rb1 b6 19. Kf2 e6 20. Ba3 Rd5 21. Ke3
Rad8 22. g4 Bh6 23. g5 Bg7 24. Ne1 Ra5 25. Nc2 Ra4 26. h4 Bf8 27. Bxf8 Kxf8 28.
a3 Kg7 29. h5 h6 30. Rg1 hxg5 31. Rxg5+ Kh6 32. Rbg1 Ne7 33. Rg7 Nd5+ 34. Kd2
Nxf4 35. d4 Rf8 36. Rg8 Rxg8 37. Rxg8 c5 38. Rf8 Kg7 39. Rc8 cxd4 40. cxd4 Nxh5
41. Kc3 Nf4 42. Kb3 Ra5 43. Nb4 Nd5 44. Nc6 Rb5+ 45. Kc2 Ne3+ 46. Kc3 Rb1 47.
Kd2 f4 48. Rc7 Nd5 49. Rd7 f3 50. Nd8 Kf8 51. Rxf7+ Ke8 52. Rxf3 Kxd8 53. Rf7
Ne7 54. Rf8+ Kd7 55. Ra8 Nc6 56. Kc3 Rc1+ 57. Kd2 Rc4 58. Ke3 Ra4 0-1

[Event "Eurasian Blitz Chess Cup"]
[Site "Almaty KAZ"]
[Date "2016.06.18"]
[Round "1.10"]
[White "Zhukova, Natalia"]
[Black "Kasimdzhanov, Rustam"]
[Result "0-1"]
[WhiteTitle "GM"]
[BlackTitle "GM"]
[WhiteElo "2475"]
[BlackElo "2703"]
[WhiteFideId "14101513"]
[BlackFideId "14200244"]
[EventDate "2016.06.18"]

1. c4 e6 2. Nc3 d5 3. d4 Be7 4. Nf3 Nf6 5. Bg5 h6 6. Bxf6 Bxf6 7. Qc2 O-O 8.
O-O-O c6 9. e4 Nd7 10. cxd5 cxd5 11. exd5 Nb6 12. dxe6 Bxe6 13. d5 Bg4 14. Kb1
Rc8 15. d6 Bxc3 16. bxc3 Qf6 17. Rd4 Bxf3 18. gxf3 Rfd8 19. Bh3 Qxf3 20. Bxc8
Qxh1+ 21. Rd1 Qc6 22. d7 Nxc8 23. dxc8=Q Rxc8 24. Rd3 g6 25. h3 Kg7 26. Kb2 Qb6+
27. Kc1 Qf6 28. Re3 Rc4 29. Qd2 Rf4 30. f3 Rxf3 31. Rxf3 Qxf3 32. Qd4+ Qf6 33.
Qd3 b6 34. Kc2 h5 35. Kb3 g5 36. Qe3 Qe6+ 0-1

[Event "Eurasian Blitz Chess Cup"]
[Site "Almaty KAZ"]
[Date "2016.06.18"]
[Round "1.11"]
[White "Jones, Gawain C B"]
[Black "Akhmetov, Ayan"]
[Result "1-0"]
[WhiteTitle "GM"]
[BlackTitle "IM"]
[WhiteElo "2650"]
[BlackElo "2269"]
[WhiteFideId "409561"]
[BlackFideId "13703706"]
[EventDate "2016.06.18"]

1. e4 e6 2. d3 c5 3. f4 Nc6 4. Nf3 g6 5. c3 Bg7 6. Be3 d6 7. a4 Nge7 8. Be2 O-O
9. Na3 Rb8 10. O-O a6 11. d4 cxd4 12. cxd4 d5 13. e5 Bd7 14. Bf2 Qb6 15. Rb1
Rfc8 16. g4 Nb4 17. Bh4 Bf8 18. Bf6 Nec6 19. Qd2 Na5 20. Rf2 Bxa4 21. f5 Nb3 22.
Qf4 Nc2 23. Rd1 Bxa3 24. bxa3 Kf8 25. fxe6 1-0

[Event "Eurasian Blitz Chess Cup"]
[Site "Almaty KAZ"]
[Date "2016.06.18"]
[Round "1.13"]
[White "Artemiev, Vladislav"]
[Black "Abdumalik, Zhansaya"]
[Result "1-0"]
[WhiteTitle "GM"]
[BlackTitle "WGM"]
[WhiteElo "2653"]
[BlackElo "2382"]
[WhiteFideId "24101605"]
[BlackFideId "13703544"]
[EventDate "2016.06.18"]

1. Nf3 Nf6 2. c4 c5 3. Nc3 Nc6 4. e3 e6 5. d4 d5 6. cxd5 Nxd5 7. Bd3 Be7 8. O-O
O-O 9. Re1 g6 10. Ne4 cxd4 11. exd4 Nf6 12. Bh6 Re8 13. Bc2 Nxe4 14. Bxe4 Bf6
15. Bxc6 bxc6 16. Rc1 Qd5 17. Qa4 Bd7 18. Rc5 Qd6 19. Qc4 Rab8 20. b3 Rb5 21. b4
Reb8 22. a3 Rxc5 23. dxc5 Qd5 24. Qf4 1-0

[Event "Eurasian Blitz Chess Cup"]
[Site "Almaty KAZ"]
[Date "2016.06.18"]
[Round "1.14"]
[White "Gaponenko, Inna"]
[Black "Dreev, Aleksey"]
[Result "0-1"]
[WhiteTitle "IM"]
[BlackTitle "GM"]
[WhiteElo "2415"]
[BlackElo "2664"]
[WhiteFideId "14101181"]
[BlackFideId "4100107"]
[EventDate "2016.06.18"]

1. e4 g6 2. d4 Bg7 3. Nc3 d6 4. f4 Nf6 5. Nf3 O-O 6. Bd3 Nc6 7. O-O e5 8. fxe5
dxe5 9. d5 Ne7 10. Nxe5 c6 11. Bg5 cxd5 12. exd5 Qb6+ 13. Kh1 Nfxd5 14. Nxd5
Nxd5 15. Nc4 Qc5 16. Qf3 Be6 17. Nd2 f5 18. Rae1 Bf7 19. Nb3 Qc7 20. c3 Rfe8 21.
Nd4 Re5 22. Bh4 Rae8 23. Rxe5 Qxe5 24. Re1 Qxe1+ 25. Bxe1 Rxe1+ 26. Bf1 Ne3 0-1

[Event "Eurasian Blitz Chess Cup"]
[Site "Almaty KAZ"]
[Date "2016.06.18"]
[Round "1.16"]
[White "Amanov, Zhanibek"]
[Black "Savchenko, Boris"]
[Result "0-1"]
[WhiteTitle "IM"]
[BlackTitle "GM"]
[WhiteElo "2380"]
[BlackElo "2633"]
[WhiteFideId "13700189"]
[BlackFideId "4147332"]
[EventDate "2016.06.18"]

1. e4 c5 2. Nf3 g6 3. d4 cxd4 4. Nxd4 Nc6 5. c4 d6 6. Nc3 Nxd4 7. Qxd4 Nf6 8.
Be3 Bg7 9. Be2 O-O 10. Qd2 a5 11. Rd1 Be6 12. O-O a4 13. f4 Qa5 14. Bd4 Rfc8 15.
b3 axb3 16. axb3 Qb4 17. f5 Bd7 18. Bxf6 exf6 19. Nd5 Qxd2 20. Rxd2 Rd8 21. fxg6
hxg6 22. Nxf6+ Kf8 23. Nxd7+ Rxd7 24. c5 Bh6 25. Rxd6 Rc7 26. b4 Ra4 27. Rb1 Re7
28. Bf3 Ra2 29. b5 Be3+ 30. Kh1 Bxc5 31. Rd5 b6 32. e5 Be3 33. Re1 Bf2 34. Rf1
Kg7 35. g3 Bc5 36. Rb1 Rf2 37. Bg2 Re2 38. Rxc5 bxc5 39. b6 R7xe5 40. b7 Re1+ 0-1

[Event "Eurasian Blitz Chess Cup"]
[Site "Almaty KAZ"]
[Date "2016.06.18"]
[Round "1.17"]
[White "Hou, Yifan"]
[Black "Berend, Elvira"]
[Result "1-0"]
[WhiteTitle "GM"]
[BlackTitle "WGM"]
[WhiteElo "2663"]
[BlackElo "2372"]
[WhiteFideId "8602980"]
[BlackFideId "4000510"]
[EventDate "2016.06.18"]

1. e4 e5 2. Nc3 Nc6 3. g3 Bc5 4. Bg2 d6 5. Nge2 h5 6. h3 h4 7. g4 Nge7 8. d3 Ng6
9. Na4 Bb4+ 10. c3 Ba5 11. b4 Bb6 12. a3 Bd7 13. d4 Qf6 14. Be3 Nce7 15. Nxb6
axb6 16. g5 Qe6 17. d5 Nxd5 18. Qxd5 Qe7 19. O-O Bc6 20. Qd2 O-O 21. c4 Rfd8 22.
Nc3 Be8 23. Nd5 Qd7 24. Kh2 Rdc8 25. Bf3 Qd8 26. Bh5 Bd7 27. f4 exf4 28. Bxf4
Qe8 29. Bxg6 fxg6 30. Qd3 Qe6 31. Rae1 Ra4 32. e5 1-0

[Event "Eurasian Blitz Chess Cup"]
[Site "Almaty KAZ"]
[Date "2016.06.18"]
[Round "1.18"]
[White "Daurimbetov, A"]
[Black "Kovalenko, Igor"]
[Result "0-1"]
[BlackTitle "GM"]
[WhiteElo "2313"]
[BlackElo "2668"]
[WhiteFideId "14201950"]
[BlackFideId "14117908"]
[EventDate "2016.06.18"]

1. e4 c5 2. d3 Nc6 3. f4 d5 4. Nd2 dxe4 5. dxe4 e5 6. fxe5 Nxe5 7. Ngf3 Ng4 8.
Bb5+ Bd7 9. Bxd7+ Qxd7 10. Qe2 O-O-O 11. h3 N4f6 12. O-O Qc7 13. Nc4 Re8 14. e5
Nd7 15. Bf4 Ngf6 16. Qd3 b5 17. Nd6+ Bxd6 18. exd6 Qc6 19. a4 b4 20. Rae1 Ne4
21. b3 f5 22. Nd2 g5 23. Bh2 Nxd2 24. Qxd2 f4 25. Qd3 h6 26. Re7 Rxe7 27. dxe7
Qe6 28. Qb5 Re8 29. Kh1 Rxe7 30. Bg1 Qd5 31. Qa6+ Kb8 32. Qxh6 Re2 33. Rf2 Re1
34. Kh2 Qd1 35. Qxg5 Rxg1 36. Qxf4+ Kc8 37. Qe4 Rh1+ 38. Kg3 Qd6+ 39. Kh4 Qh6+
40. Kg3 0-1

[Event "Eurasian Blitz Chess Cup"]
[Site "Almaty KAZ"]
[Date "2016.06.18"]
[Round "1.20"]
[White "Dzyuban, Oleg"]
[Black "Saric, Ivan"]
[Result "0-1"]
[WhiteTitle "IM"]
[BlackTitle "GM"]
[WhiteElo "2362"]
[BlackElo "2660"]
[WhiteFideId "13700197"]
[BlackFideId "14508150"]
[EventDate "2016.06.18"]

1. d4 Nf6 2. c4 g6 3. Nc3 Bg7 4. e4 d6 5. Be2 O-O 6. Be3 c6 7. h3 Nbd7 8. Nf3 e5
9. d5 Nc5 10. Nd2 a5 11. O-O Bd7 12. b3 Qb8 13. Rb1 Rc8 14. a3 cxd5 15. cxd5 b5
16. b4 axb4 17. axb4 Na4 18. Nxa4 bxa4 19. b5 a3 20. b6 Ba4 21. Qe1 a2 22. Ra1
Bc2 23. f3 Nd7 24. Nc4 Bb3 25. Qb4 Bxc4 26. Bxc4 Nxb6 27. Bxb6 Rxc4 28. Qxc4
Qxb6+ 29. Kh1 Qb2 30. Qc6 Qb8 31. Rf2 Qb1+ 32. Kh2 Ra3 33. Rf1 Qb2 34. Qxd6 Bh6
35. Qc5 Bf4+ 36. Kh1 Rxf3 37. Qg1 Ra3 38. Rfd1 Be3 39. Qf1 Bd4 40. d6 Qb6 41. d7
Qd6 42. Qc4 Qxd7 43. Rxa2 Rxh3+ 0-1

[Event "Eurasian Blitz Chess Cup"]
[Site "Almaty KAZ"]
[Date "2016.06.18"]
[Round "1.21"]
[White "Vallejo Pons, Francisco"]
[Black "Aghasiyev, Kamal"]
[Result "1-0"]
[WhiteTitle "GM"]
[BlackTitle "IM"]
[WhiteElo "2711"]
[BlackElo "2411"]
[WhiteFideId "2205530"]
[BlackFideId "13402854"]
[EventDate "2016.06.18"]

1. e4 e5 2. Nf3 Nc6 3. Bb5 a6 4. Ba4 Nf6 5. d3 b5 6. Bb3 Be7 7. a4 Rb8 8. axb5
axb5 9. O-O d6 10. Nc3 O-O 11. h3 Bd7 12. Be3 h6 13. Qd2 b4 14. Nd5 Re8 15. Ra6
Bf8 16. Nxf6+ Qxf6 17. Ba4 Rb6 18. Bxb6 cxb6 19. Rxb6 Rc8 20. Qe3 g5 21. Bb3 Rc7
22. Ra6 Be7 23. Bd5 h5 24. g3 g4 25. hxg4 hxg4 26. Bxc6 gxf3 27. Bxd7 Rxd7 28.
Rfa1 Rc7 29. Rc1 Kg7 30. Ra4 d5 31. exd5 Bc5 32. Qe4 Qg5 33. Qxf3 Qxc1+ 34. Kg2
Qxc2 35. Qg4+ Kf6 36. Ra6+ Ke7 37. Qg5+ Kd7 38. Qf5+ Kd8 39. Ra8+ Ke7 40. Qxe5+
Kd7 41. Qe8+ Kd6 42. Rd8+ 1-0

[Event "Eurasian Blitz Chess Cup"]
[Site "Almaty KAZ"]
[Date "2016.06.18"]
[Round "1.22"]
[White "Tologontegin, Semetey"]
[Black "Jumabayev, Rinat"]
[Result "0-1"]
[WhiteTitle "IM"]
[BlackTitle "GM"]
[WhiteElo "2350"]
[BlackElo "2613"]
[WhiteFideId "13800574"]
[BlackFideId "13702661"]
[EventDate "2016.06.18"]

1. d4 Nf6 2. Bf4 g6 3. Nc3 d5 4. Qd2 c6 5. f3 b5 6. a3 Nh5 7. Be5 f6 8. g4 fxe5
9. gxh5 Nd7 10. hxg6 exd4 11. Qxd4 e5 12. Qg4 Qf6 13. gxh7 Qh6 14. Bh3 Nf6 15.
Qg3 Bc5 16. Qxe5+ Kf7 17. Qc7+ Be7 18. Bxc8 Raxc8 19. Qxa7 c5 20. Nxb5 Qh4+ 21.
Kf1 Rcd8 22. Qc7 Rxh7 23. Qe5 Rh5 24. Qc3 Rg8 25. Nc7 Qg5 26. Qd3 Qg2+ 27. Ke1
Qxh1 28. Kd2 Rxg1 29. Rxg1 Qxg1 0-1

[Event "Eurasian Blitz Chess Cup"]
[Site "Almaty KAZ"]
[Date "2016.06.18"]
[Round "1.23"]
[White "Amonatov, Farrukh"]
[Black "Mezentsev, Ivan"]
[Result "1-0"]
[WhiteTitle "GM"]
[WhiteElo "2614"]
[BlackElo "2229"]
[WhiteFideId "14700077"]
[BlackFideId "13706195"]
[EventDate "2016.06.18"]

1. e4 e5 2. Nf3 Nc6 3. Nc3 Nf6 4. g3 Bc5 5. Bg2 O-O 6. d3 d6 7. Na4 Bb4+ 8. c3
Ba5 9. b4 Bb6 10. O-O Re8 11. h3 Ne7 12. Nh4 Ng6 13. Nxg6 hxg6 14. Re1 c6 15.
Nxb6 axb6 16. a4 d5 17. exd5 Nxd5 18. Qb3 Nf6 19. Rd1 Be6 20. Qc2 Bd5 21. c4
Bxg2 22. Kxg2 Qd6 23. b5 cxb5 24. cxb5 Rec8 25. Qe2 Qd5+ 26. Kg1 Rc5 27. Be3 Rc3
28. Bxb6 Rac8 29. Be3 Rc2 30. Rd2 Qb3 31. Rxc2 Rxc2 32. Qf3 Qxd3 33. Qxb7 Nd5
34. Qb8+ Kh7 35. Qxe5 Re2 36. Qd4 Qf5 37. Rf1 Qf3 38. Qg4 Qf6 39. Bd4 Qe6 40.
Qxe6 Rxe6 41. a5 Re4 42. Rd1 1-0

[Event "Eurasian Blitz Chess Cup"]
[Site "Almaty KAZ"]
[Date "2016.06.18"]
[Round "1.24"]
[White "Akkozov, Berik"]
[Black "Khusnutdinov, Rustam"]
[Result "0-1"]
[WhiteTitle "IM"]
[BlackTitle "GM"]
[WhiteElo "2353"]
[BlackElo "2476"]
[WhiteFideId "13704214"]
[BlackFideId "13701703"]
[EventDate "2016.06.18"]

1. d4 Nf6 2. c4 b6 3. Nf3 Bb7 4. g3 g6 5. Bg2 Bg7 6. O-O O-O 7. Nc3 Ne4 8. Bd2
f5 9. Qc2 Qc8 10. Rad1 e6 11. d5 Nxd2 12. Qxd2 Na6 13. e4 e5 14. Rfe1 d6 15. Ng5
Bh6 16. h4 Qd8 17. f4 exf4 18. Ne6 Qf6 19. exf5 gxf5 20. Nxf4 Bc8 21. Kh2 Bd7
22. Nce2 Nc5 23. Nd4 Rae8 24. Qf2 Ne4 25. Bxe4 fxe4 26. Nde2 Bg4 27. Rb1 e3 28.
Qg2 Qe5 29. Rf1 Bf5 30. b3 Bxb1 31. Rxb1 Kh8 32. Re1 Bxf4 33. Nxf4 Rxf4 34. gxf4
Qxf4+ 35. Qg3 Qd4 36. Re2 Re4 37. Kh3 Re8 38. Qg5 Qe5 39. Qxe5+ Rxe5 40. Kg3 Kg7
41. Kf4 Kf6 42. Rxe3 Rxe3 43. Kxe3 Kf5 44. Kf3 a5 45. a3 h6 46. Kg3 h5 47. Kf3
Ke5 48. Ke3 Kf5 49. Kf3 Ke5 50. Ke3 b5 51. Kf3 a4 52. bxa4 bxc4 53. Ke3 Kxd5 54.
a5 Kc6 55. Kd4 d5 56. a4 Kb7 0-1

[Event "Eurasian Blitz Chess Cup"]
[Site "Almaty KAZ"]
[Date "2016.06.18"]
[Round "3.2"]
[White "Mamedov, Rauf"]
[Black "Jobava, Baadur"]
[Result "0-1"]
[WhiteTitle "GM"]
[BlackTitle "GM"]
[WhiteElo "2655"]
[BlackElo "2669"]
[WhiteFideId "13401653"]
[BlackFideId "13601520"]
[EventDate "2016.06.18"]

1. e4 e6 2. d4 d5 3. Nd2 dxe4 4. Nxe4 Bd7 5. Nf3 Bc6 6. Bd3 Nd7 7. c4 Ngf6 8.
Nc3 Bb4 9. O-O Bxc3 10. bxc3 O-O 11. Qe2 Re8 12. Re1 b6 13. Bf4 Bxf3 14. Qxf3 c5
15. Rad1 Qc8 16. g4 Nf8 17. g5 N6d7 18. h4 Qa6 19. h5 Qa3 20. Bd6 Rad8 21. Bb1
Qa4 22. Bd3 Qa5 23. Bc7 Rc8 24. Bf4 g6 25. hxg6 Nxg6 26. Bxg6 fxg6 27. Qb7 Qa4
28. Bg3 cxd4 29. Rxd4 Nc5 30. Qf3 Qc6 31. Qg4 Rcd8 32. Be5 Nd7 33. Bf6 Nxf6 34.
gxf6 Rxd4 35. Qxd4 Kf7 36. Qh4 h5 37. Qf4 Rd8 38. Qh6 Kxf6 39. Qf4+ Kg7 40. Qe5+
Kh7 41. Qf6 Rd7 42. c5 bxc5 43. f3 Qd6 44. Qg5 Qd5 45. Qf6 Qf5 46. Qxe6 Qxe6 47.
Rxe6 Rd1+ 48. Kf2 Rd2+ 49. Ke3 Rxa2 50. Kf4 Ra3 51. Kg5 Rxc3 52. Re7+ Kg8 53.
Kxg6 Kf8 54. Rxa7 h4 55. Rh7 Rxf3 56. Rxh4 Ke7 57. Kg5 Kd6 58. Kg4 Rf8 59. Kg3
Kd5 60. Rh7 c4 61. Rd7+ Ke4 62. Rc7 Kd3 63. Rd7+ Kc2 64. Rc7 c3 0-1

[Event "Eurasian Blitz Chess Cup"]
[Site "Almaty KAZ"]
[Date "2016.06.18"]
[Round "3.3"]
[White "Kazhgaleyev, Murtas"]
[Black "Gelfand, Boris"]
[Result "1/2-1/2"]
[WhiteTitle "GM"]
[BlackTitle "GM"]
[WhiteElo "2582"]
[BlackElo "2734"]
[WhiteFideId "13700316"]
[BlackFideId "2805677"]
[EventDate "2016.06.18"]

1. d4 Nf6 2. c4 g6 3. g3 c6 4. Bg2 d5 5. Qa4 Nfd7 6. cxd5 Nb6 7. Qd1 cxd5 8. Nc3
Nc6 9. e3 Bf5 10. Nge2 Nb4 11. O-O Bc2 12. Qe1 Bf5 13. Qd1 Bc2 14. Qe1 Bf5 15.
Qd1 Bc2 1/2-1/2

[Event "Eurasian Blitz Chess Cup"]
[Site "Almaty KAZ"]
[Date "2016.06.18"]
[Round "3.9"]
[White "Arutinian, David"]
[Black "Onischuk, Vladimir"]
[Result "0-1"]
[WhiteTitle "GM"]
[BlackTitle "GM"]
[WhiteElo "2527"]
[BlackElo "2613"]
[WhiteFideId "13601741"]
[BlackFideId "14114038"]
[EventDate "2016.06.18"]

1. Nf3 g6 2. c4 Bg7 3. d4 d6 4. Nc3 Bg4 5. e3 c5 6. Be2 cxd4 7. exd4 Nc6 8. Be3
Nh6 9. d5 Bxf3 10. Bxf3 Ne5 11. Bxh6 Bxh6 12. O-O O-O 13. Be2 Rc8 14. b3 a6 15.
a4 Qb6 16. Rb1 f5 17. Re1 Bg7 18. Qc2 f4 19. Bf1 Rf5 20. Ne4 a5 21. Qd1 Rcf8 22.
Rc1 Nd7 23. Be2 Nc5 24. Nxc5 Qxc5 25. Bg4 Re5 26. Rxe5 Bxe5 27. Qd3 Kg7 28. Re1
h5 29. Bf3 Kh6 30. Be4 g5 31. Qe2 g4 32. Bc2 Qd4 33. Rd1 f3 34. Rxd4 fxe2 35.
Re4 h4 36. Rxe2 g3 37. hxg3 hxg3 38. fxg3 Bd4+ 39. Kh2 Be5 40. Kh3 Kg5 41. Re4
Rf2 42. Rg4+ Kf6 43. Bd1 Rf1 44. Rg8 Rxd1 45. Rb8 Kf5 46. g4+ Kg5 47. Rg8+ Kf4
48. Rf8+ Ke4 49. g5 Rd3+ 50. Kg4 Rg3+ 51. Kh5 Rxg2 52. Rf7 Rg3 53. Rxe7 Rxb3 54.
c5 Kxd5 55. cxd6 Kxd6 56. Re8 Rb4 57. g6 Rxa4 58. Rxe5 Kxe5 59. g7 Ra1 0-1

[Event "Eurasian Blitz Chess Cup"]
[Site "Almaty KAZ"]
[Date "2016.06.18"]
[Round "3.10"]
[White "Aleksandrov, Aleksej"]
[Black "Artemiev, Vladislav"]
[Result "0-1"]
[WhiteTitle "GM"]
[BlackTitle "GM"]
[WhiteElo "2577"]
[BlackElo "2653"]
[WhiteFideId "13500139"]
[BlackFideId "24101605"]
[EventDate "2016.06.18"]

1. d4 d5 2. c4 c6 3. Nc3 Nf6 4. e3 g6 5. Nf3 Bg7 6. Be2 O-O 7. O-O Bg4 8. cxd5
cxd5 9. Qb3 b6 10. h3 Bc8 11. Ne5 Bb7 12. a4 Nc6 13. Nxc6 Bxc6 14. Bd2 Qd7 15.
Rfc1 e6 16. Rc2 Rfc8 17. Rac1 Bf8 18. Bb5 Ne8 19. Nxd5 Bxb5 20. Rxc8 Rxc8 21.
Rxc8 Qxc8 22. Nxb6 axb6 23. Qxb5 Nd6 24. Qb3 Qa6 25. Bb4 Qe2 26. Bxd6 Qe1+ 27.
Kh2 Bxd6+ 28. f4 Bb4 29. Qd3 Bd2 0-1

[Event "Eurasian Blitz Chess Cup"]
[Site "Almaty KAZ"]
[Date "2016.06.18"]
[Round "3.11"]
[White "Dreev, Aleksey"]
[Black "Ghaem Maghami, Ehsan"]
[Result "0-1"]
[WhiteTitle "GM"]
[BlackTitle "GM"]
[WhiteElo "2664"]
[BlackElo "2551"]
[WhiteFideId "4100107"]
[BlackFideId "12500739"]
[EventDate "2016.06.18"]

1. d4 Nf6 2. Nf3 d5 3. c4 e6 4. Nc3 dxc4 5. Qa4+ Nbd7 6. e4 a6 7. Bxc4 Be7 8. e5
Ng4 9. h3 Nh6 10. Bxh6 gxh6 11. d5 exd5 12. Bxd5 c6 13. Bxf7+ Kxf7 14. e6+ Kxe6
15. O-O-O Kf7 16. Qf4+ Kg7 17. Qg3+ Bg5+ 18. Kb1 Qf6 19. h4 Qg6+ 20. Ka1 Bf6 21.
Qf4 Bxc3 22. bxc3 Rf8 23. Qc7 Kh8 24. Rh3 Qf6 25. Kb2 Nc5 26. Ng5 hxg5 27. hxg5
Qg7 28. Rxh7+ Kxh7 29. Ra1 0-1

[Event "Eurasian Blitz Chess Cup"]
[Site "Almaty KAZ"]
[Date "2016.06.18"]
[Round "3.13"]
[White "Savchenko, Boris"]
[Black "Megaranto, Susanto"]
[Result "1-0"]
[WhiteTitle "GM"]
[BlackTitle "GM"]
[WhiteElo "2633"]
[BlackElo "2535"]
[WhiteFideId "4147332"]
[BlackFideId "7101384"]
[EventDate "2016.06.18"]

1. e4 g6 2. d4 Bg7 3. Be2 d6 4. Be3 Nf6 5. Nc3 c6 6. a4 O-O 7. Nf3 a5 8. Nd2 Na6
9. O-O Nb4 10. f4 d5 11. e5 Ne8 12. Bf3 Nc7 13. Ne2 Bf5 14. Rc1 Na2 15. Ra1 Nb4
16. Rc1 Na2 17. Rb1 Nb4 18. c3 Bxb1 19. Qxb1 Nba6 20. f5 b5 21. axb5 Nxb5 22. h4
gxf5 23. Qxf5 e6 24. Qg4 Kh8 25. Ng3 Rg8 26. Nh5 Bh6 27. Bxh6 Rxg4 28. Bxg4 Qxh4
29. Bg7+ Kg8 30. Bd1 Nxd4 31. Bf6 Nf3+ 32. Bxf3 Qa4 33. Bd1 Qb5 34. Nb3 Nc5 35.
Nd4 Qd3 36. Nxc6 Ne4 37. Bh4 Qe3+ 38. Kh2 Kf8 39. Bf3 Nd2 40. Be7+ Kg8 41. Rg1
Qf2 42. Kh1 h6 43. Nd4 Rb8 44. b4 a4 45. Nf6+ Kh8 46. Ng4 Qg3 47. Ne2 Nxf3 48.
Nxg3 Nxg1 49. Bf6+ Kh7 50. Kxg1 a3 51. Ne3 a2 52. Nc2 Rc8 53. Ne2 d4 54. Nexd4
Rxc3 55. Be7 Rd3 56. Bc5 Re3 57. Kf2 Rxe5 58. Nb3 Kg6 59. b5 Rd5 60. b6 Rd7 61.
Ke3 Kf5 62. Ncd4+ Ke5 63. Nb5 Kd5 64. Bd4 Kc6 65. Nc3 e5 66. Bxe5 Kxb6 67. Nxa2
Re7 68. Kf4 f6 69. Bd4+ Kb5 70. Bxf6 Rf7 71. Ke5 Kc4 72. Nd2+ 1-0

[Event "Eurasian Blitz Chess Cup"]
[Site "Almaty KAZ"]
[Date "2016.06.18"]
[Round "3.14"]
[White "Ismagambetov, Anuar"]
[Black "Hou, Yifan"]
[Result "0-1"]
[WhiteTitle "GM"]
[BlackTitle "GM"]
[WhiteElo "2542"]
[BlackElo "2663"]
[WhiteFideId "13701525"]
[BlackFideId "8602980"]
[EventDate "2016.06.18"]

1. e4 c5 2. Nf3 e6 3. d4 cxd4 4. Nxd4 Nc6 5. Nc3 d6 6. Be3 Nf6 7. f3 Be7 8. Qd2
a6 9. g4 O-O 10. O-O-O Nxd4 11. Bxd4 b5 12. h4 b4 13. Na4 e5 14. Be3 Be6 15. b3
a5 16. h5 Nd7 17. g5 Rc8 18. Kb1 f5 19. gxf6 Nxf6 20. Bh3 Bxh3 21. Rxh3 Qd7 22.
Rh2 Qe6 23. Rg1 Kh8 24. Rd1 Rf7 25. Bb6 Ra8 26. Bc7 Ne8 27. Bb6 Rxf3 28. Qe2 Rf7
29. Qb5 Nf6 30. Bxa5 Nxe4 31. Bxb4 Rc8 32. Nb6 Rb8 33. Qd5 Qxd5 34. Nxd5 Rxb4
35. Nxb4 Nc3+ 36. Kb2 Nxd1+ 37. Kc1 Rf1 38. Kd2 Rg1 39. Nd5 Bg5+ 40. Kd3 Nb2+
41. Kc3 Nd1+ 42. Kd3 Rg4 43. c3 Rg3+ 44. Kc4 e4 45. a4 e3 46. a5 Nf2 47. Nxe3
Bxe3 48. b4 Rg4+ 49. Kb5 Ne4 50. Kc6 Nxc3 51. a6 Rxb4 52. Rh3 Rc4+ 53. Kd7 Ba7
54. Rf3 h6 0-1

[Event "Eurasian Blitz Chess Cup"]
[Site "Almaty KAZ"]
[Date "2016.06.18"]
[Round "3.15"]
[White "Kovalenko, Igor"]
[Black "Kotsur, Pavel"]
[Result "1-0"]
[WhiteTitle "GM"]
[BlackTitle "GM"]
[WhiteElo "2668"]
[BlackElo "2552"]
[WhiteFideId "14117908"]
[BlackFideId "13700278"]
[EventDate "2016.06.18"]

1. c4 c5 2. g3 Nc6 3. Bg2 g6 4. Nc3 Bg7 5. d3 Nf6 6. a3 O-O 7. Rb1 a5 8. Bf4 d6
9. Qd2 Re8 10. Bh6 Bh8 11. h4 Ng4 12. h5 Nxh6 13. hxg6 hxg6 14. Qxh6 Bg7 15.
Qh7+ Kf8 16. Nh3 e6 17. f4 Nd4 18. Ng5 d5 19. g4 dxc4 20. O-O Nc2 21. Rf3 Qd4+
22. Kh1 Bd7 23. Nce4 Ne3 24. Nxf7 Kxf7 25. Ng5+ Ke7 26. Qxg6 Rh8+ 27. Bh3 Raf8
28. Rxe3 Rf6 29. Qxg7+ Kd6 30. Qxf6 Qxe3 31. Qxh8 Bc6+ 32. Ne4+ Bxe4+ 33. dxe4
Qxe4+ 34. Kh2 Qxf4+ 35. Kg1 Qe3+ 36. Kf1 Qf4+ 37. Ke1 Kd5 1-0